[Event "Tourn. n7948"]
[Site "www.chess-mail.com"]
[Date "2015.02.25"]
[Round "1"]
[White "Falcoale"]
[Black "Picifarkinca"]
[WhiteElo "1920"]
[BlackElo "2000"]
[Result "1-0"]
[Round "1"]
1.e4 e5
2.Ng1f3 Nb8c6
3.Nb1c3 Ng8f6
4.Bf1c4 Bf8c5
5.O-O d6
6.d3 h6
7.Bc1e3 Bc5b6
8.h3 Nc6a5
9.Bc4b3 Na5xb3
10.axb3 O-O
11.Nc3a4 Bb6xe3
12.fxe3 c6
13.Qd1e1 b5
14.Na4c3 Bc8b7
15.Qe1g3 Nf6h5
16.Qg3f2 a5
17.Ra1d1 Nh5f6
18.Nc3e2 a4
19.bxa4 Ra8xa4
20.Nf3h4 Bb7c8
21.Ne2g3 d5
22.Nh4f5 Bc8xf5
23.exf5 Qd8b6
24.Kh1 Qb6a7
25.b3 Ra4a2
26.Rd1c1 Qa7c5
27.Qf2e1 { resign }
1-0

[Event "Tourn. n8017"]
[Site "www.chess-mail.com"]
[Date "2015.02.25"]
[Round "1"]
[White "Faerieking"]
[Black "Pretorian"]
[WhiteElo "2250"]
[BlackElo "2530"]
[Result "0-1"]
[Round "1"]
1.e4 e6
2.d4 d5
3.Nb1c3 Ng8f6
4.Bc1g5 Bf8e7
5.e5 Nf6d7
6.h4 O-O
7.Bf1d3 c5
8.Ng1h3 Rf8e8
9.Nc3b5 cxd4
10.Nb5d6 Nd7xe5
11.Nd6xe8 Qd8xe8
12.Bd3xh7 Kxh7
13.Qd1h5 Kg8
14.Bg5xe7 Qe8xe7
15.O-O-O f6
16.Nh3g5 g6
17.Qh5e2 d3
18.cxd3 Qe7c7
19.Kb1 fxg5
20.hxg5 Nb8c6
21.f4 Ne5f7
22.g3 Bc8d7
23.Qe2h2 Kf8
24.Qh2h7 Nc6e7
{ resign }
0-1

[Event "Tourn. n8010"]
[Site "www.chess-mail.com"]
[Date "2015.02.25"]
[Round "1"]
[White "Gatrooper"]
[Black "Passaroa25"]
[WhiteElo "1460"]
[BlackElo "1430"]
[Result "0-1"]
[Round "1"]
1.e4 Nb8c6
2.Ng1f3 d6
3.h3 f6
4.a3 e5
5.Nb1c3 Ng8e7
6.Bf1b5 g5
7.Bb5xc6 Ne7xc6
8.d3 Qd8e7
9.Bc1e3 Bf8g7
10.Qd1e2 Bc8d7
11.Nc3d5 Qe7d8
12.g4 O-O
13.O-O-O Nc6e7
14.Nd5xe7 Qd8xe7
15.Nf3h2 b6
16.f3 Bd7e6
17.b3 Be6f7
18.c4 { time. }
0-1

[Event "Tourn. n8003"]
[Site "www.chess-mail.com"]
[Date "2015.02.25"]
[Round "1"]
[White "Gatrooper"]
[Black "Peck"]
[WhiteElo "1460"]
[BlackElo "1479"]
[Result "0-1"]
[Round "1"]
1.e4 g5
2.g4 b5
3.b4 Bf8g7
4.c3 Bc8b7
5.d3 e5
6.Ng1f3 Ng8f6
7.Bc1xg5 h6
8.Bg5xf6 Bg7xf6
9.Bf1g2 d5
10.exd5 Qd8xd5
11.O-O Nb8c6
12.h3 Bf6g5
13.Nf3xg5 Qd5d8
14.Qd1f3 Qd8xg5
15.Qf3d5 { time. }
0-1

[Event "Tourn. n8020"]
[Site "www.chess-mail.com"]
[Date "2015.02.25"]
[Round "1"]
[White "Difficult"]
[Black "Averoes"]
[WhiteElo "2010"]
[BlackElo "2180"]
[Result "1-0"]
[Round "1"]
1.Ng1f3 d5
2.d4 Ng8f6
3.g3 Bc8g4
4.Bf1g2 e6
5.O-O c5
6.c3 Nb8c6
7.e3 Nf6e4
8.h3 Bg4h5
9.Qd1a4 Qd8d7
10.Nb1d2 a6
11.Nd2xe4 dxe4
12.Nf3d2 f5
13.Rf1e1 b5
14.Qa4c2 c4
15.a4 Ra8b8
16.axb5 axb5
17.b3 Qd7d5
18.bxc4 bxc4
19.g4 Bh5f7
20.Ra1a4 Nc6a5
21.Qc2a2 Na5b3
22.Nd2xc4 Nb3xc1
23.Re1xc1 Bf8e7
24.Ra4a5 Qd5b7
25.Ra5a7 Qb7b3
26.Qa2xb3 Rb8xb3
27.Nc4e5 Rb3b8
28.c4 fxg4
29.hxg4 h5
30.gxh5 Rh8xh5
31.Ra7xe7 { resign }
1-0

[Event "Tourn. n7943"]
[Site "www.chess-mail.com"]
[Date "2015.02.25"]
[Round "1"]
[White "Picifarkinca"]
[Black "Falcoale"]
[WhiteElo "1990"]
[BlackElo "1940"]
[Result "0-1"]
[Round "1"]
1.Ng1f3 c5
2.g3 Nb8c6
3.Bf1g2 e6
4.O-O Ng8f6
5.d3 d5
6.Nb1d2 Bf8e7
7.e4 dxe4
8.dxe4 Ra8b8
9.e5 Nf6d7
10.Rf1e1 O-O
11.Nd2c4 Nd7b6
12.Qd1xd8 Rf8xd8
13.Nc4xb6 axb6
14.c3 c4
15.Bc1e3 b5
16.Be3b6 Rd8d7
17.Nf3d4 Be7f8
18.Nd4xb5 Rd7d2
19.b4 Rb8a8
20.a4 Nc6e7
21.a5 Ne7d5
22.Nb5c7 Nd5xc7
23.Bb6xc7 Rd2d7
24.Bc7b6 Bf8e7
25.Ra1d1 Rd7d3
26.Rd1xd3 cxd3
27.Re1d1 Bc8d7
{ resign }
0-1

[Event "Tourn. n7987"]
[Site "www.chess-mail.com"]
[Date "2015.02.25"]
[Round "1"]
[White "Bluetealeaf"]
[Black "Birdchess"]
[WhiteElo "1700"]
[BlackElo "1660"]
[Result "1/2-1/2"]
[Round "1"]
1.e4 d6
2.Bf1c4 Ng8f6
3.Qd1f3 Nb8c6
4.c3 Nc6e5
5.Qf3e2 e6
6.d3 Ne5xc4
7.dxc4 Bf8e7
8.Nb1d2 O-O
9.Ng1h3 e5
10.Nd2f3 Bc8g4
11.Nh3g5 Bg4xf3
12.Qe2xf3 h6
13.Ng5h3 Qd8d7
14.Bc1e3 Qd7c6
15.b3 Qc6xe4
16.Qf3xe4 Nf6xe4
17.Ra1c1 f5
18.O-O f4
19.f3 fxe3
20.fxe4 g5
21.Kh1 Rf8xf1
22.Rc1xf1 g4
23.Nh3g1 Ra8f8
24.Rf1e1 Be7g5
25.Ng1e2 h5
26.Re1g1 Rf8f2
27.Rg1e1 Kg7
28.Ne2g3 Kg6
29.Ng3f5 e2
30.Nf5g3 Bg5d2
31.Re1xe2 Rf2xe2
{ draw }
1/2-1/2

[Event "Tourn. n8004"]
[Site "www.chess-mail.com"]
[Date "2015.02.25"]
[Round "1"]
[White "Peck"]
[Black "Gatrooper"]
[WhiteElo "1479"]
[BlackElo "1460"]
[Result "1-0"]
[Round "1"]
1.b4 b5
2.e3 e5
3.Bf1xb5 a6
4.Bb5e2 h6
5.Be2f3 c6
6.Ng1h3 d5
7.Bc1a3 e4
8.Bf3h5 g6
9.Ba3b2 gxh5
10.Bb2xh8 Bc8xh3
11.gxh3 Ng8f6
12.c3 Nf6h7
13.Qd1xh5 Qd8e7
14.Qh5f5 Nb8d7
15.Qf5xh7 O-O-O
16.Rh1g1 Qe7h4
{ time. }
1-0

[Event "Tourn. n8114"]
[Site "www.chess-mail.com"]
[Date "2015.02.25"]
[Round "1"]
[White "F14"]
[Black "Dominiquer"]
[WhiteElo "1850"]
[BlackElo "1740"]
[Result "1-0"]
[Round "1"]
1.d4 f5
2.Bc1f4 Ng8f6
3.Nb1c3 e6
4.e3 d5
5.Ng1f3 Bf8b4
6.Bf1d3 Nf6e4
7.Bd3xe4 fxe4
8.Nf3e5 Nb8d7
9.Qd1h5 { resign }
1-0

[Event "Match"]
[Site "www.echecsemail.com"]
[Date "2015.02.25"]
[Round "1"]
[White "Hardland"]
[Black "E4player"]
[WhiteElo "1740"]
[BlackElo "1809"]
[Result "0-1"]
[Round "1"]
1.c4 Ng8f6
2.Nb1c3 d5
3.cxd5 Nf6xd5
4.Nc3xd5 Qd8xd5
5.e3 e5
6.b3 Nb8c6
7.Bf1c4 Qd5xg2
8.Qd1f3 Qg2xf3
9.Ng1xf3 Bc8g4
10.Bc4e2 f6
11.Rh1g1 Bg4e6
12.Bc1b2 Nc6b4
13.Kd1 Nb4xa2
14.Ra1xa2 Be6xb3
15.Ke1 Bb3xa2
{ resign }
0-1

[Event "Match"]
[Site "www.echecsemail.com"]
[Date "2015.02.25"]
[Round "1"]
[White "Llord"]
[Black "Gambitplayer"]
[WhiteElo "1730"]
[BlackElo "1510"]
[Result "1/2-1/2"]
[Round "1"]
1.e4 c5
2.Ng1f3 d6
3.Nb1c3 Nb8c6
4.Bf1b5 Bc8d7
5.O-O Ng8f6
6.d3 g6
7.Nc3d5 Bf8g7
8.Nd5xf6 Bg7xf6
9.Bc1h6 a6
10.Bb5xc6 Bd7xc6
11.d4 cxd4
12.Nf3xd4 Qd8c7
13.Nd4xc6 Qc7xc6
14.Rf1e1 Ra8c8
15.c3 Qc6b5
16.Ra1b1 Qb5b6
17.Bh6e3 Qb6c6
18.Rb1c1 O-O
19.Be3h6 Bf6g7
20.Bh6xg7 Kxg7
21.Qd1f3 Kg8
22.h3 Qc6c5
23.Qf3e3 Qc5xe3
24.Re1xe3 b5
25.a3 Rc8c6
26.Rc1e1 Rf8c8
27.e5 dxe5
28.Re3xe5 e6
{ draw }
1/2-1/2

[Event "Match"]
[Site "www.echecsemail.com"]
[Date "2015.02.25"]
[Round "1"]
[White "F14"]
[Black "Guidom"]
[WhiteElo "1599"]
[BlackElo "2050"]
[Result "0-1"]
[Round "1"]
1.d4 d5
2.Nb1c3 c6
3.e4 dxe4
4.Nc3xe4 Bc8f5
5.Ne4c3 Ng8f6
6.Bc1g5 e6
7.Ng1f3 Bf8e7
8.Bf1e2 O-O
9.O-O Nb8d7
10.Nf3h4 Bf5g6
11.Nh4xg6 hxg6
12.Be2f3 Qd8c7
13.Nc3e2 Rf8d8
14.c3 Nd7b6
15.Qd1b3 Nf6d5
16.Bg5xe7 Qc7xe7
17.Rf1e1 Qe7f6
18.c4 Nd5f4
19.Ne2xf4 Qf6xf4
20.Re1e4 Qf4c7
21.g3 Rd8d7
22.Ra1c1 Qc7d8
23.Qb3d3 c5
24.Rc1d1 cxd4
25.b3 Qd8f6
26.Re4f4 Qf6e5
27.Rf4xd4 Rd7xd4
28.Qd3c2 Ra8d8
29.Rd1xd4 Qe5xd4
30.Bf3xb7 Qd4d1
31.Qc2xd1 Rd8xd1
32.Kg2 Nb6d7
33.Bb7c6 Kf8
34.b4 Ke7
35.a4 Kd6
36.Bc6f3 Nd7e5
37.c5 Kc7
38.Bf3xd1 Ne5d3
39.b5 Nd3xc5
40.f4 Kb6
41.Kf3 Ka5
42.Ke3 Nc5xa4
43.Kd4 Kxb5
44.Bd1xa4 Kxa4
45.Kc4 a5
46.h3 Ka3
47.Kc3 f6
48.g4 g5
{ resign }
0-1

[Event "Match"]
[Site "www.echecsemail.com"]
[Date "2015.02.25"]
[Round "1"]
[White "Cardiff"]
[Black "Haukia"]
[WhiteElo "1950"]
[BlackElo "2190"]
[Result "0-1"]
[Round "1"]
1.e4 e5
2.Ng1f3 Ng8f6
3.Nf3xe5 d6
4.Ne5f3 Nf6xe4
5.Qd1e2 Qd8e7
6.d3 Ne4f6
7.Bc1g5 Qe7xe2
8.Bf1xe2 Bf8e7
9.Nb1c3 c6
10.h3 Nb8a6
11.O-O-O h6
12.Bg5e3 O-O
13.g4 Rf8e8
14.Rh1g1 Na6c7
15.a3 a5
16.Nf3d4 Nf6d5
17.Nc3xd5 Nc7xd5
18.Be3d2 Be7f6
{ resign }
0-1

[Event "Match"]
[Site "www.echecsemail.com"]
[Date "2015.02.25"]
[Round "1"]
[White "Sorren"]
[Black "Hundegana"]
[WhiteElo "1840"]
[BlackElo "1920"]
[Result "1-0"]
[Round "1"]
1.e4 c5
2.Ng1f3 d6
3.d4 Qd8c7
4.Bf1b5 Bc8d7
5.Bb5xd7 Nb8xd7
6.Nb1c3 Ng8f6
7.O-O h6
8.Bc1f4 c4
9.Rf1e1 a6
10.Qd1d2 b5
11.e5 dxe5
12.Nf3xe5 Nd7xe5
13.dxe5 Nf6h5
14.e6 Qc7xf4
15.Qd2d7 { resign }
1-0

[Event "Match"]
[Site "www.echecsemail.com"]
[Date "2015.02.25"]
[Round "1"]
[White "Harrytheking"]
[Black "Sorren"]
[WhiteElo "1690"]
[BlackElo "1840"]
[Result "0-1"]
[Round "1"]
1.c4 Ng8f6
2.Nb1c3 g6
3.h3 Bf8g7
4.Ng1f3 d6
5.e3 O-O
6.Bf1e2 e5
7.e4 Bc8e6
8.b3 Nb8d7
9.a4 Nd7c5
10.d3 c6
11.O-O Qd8b6
12.a5 Qb6xb3
13.Qd1xb3 Nc5xb3
14.Ra1b1 Nb3xc1
15.Rf1xc1 Rf8b8
16.Nf3g5 Be6d7
17.Be2f3 Bg7h6
18.h4 Nf6g4
19.Nc3e2 f6
20.Ng5h3 Bh6xc1
21.Rb1xc1 b6
22.Ne2c3 bxa5
23.Bf3xg4 Bd7xg4
24.f3 Bg4xh3
25.gxh3 Rb8b3
26.Kf2 Ra8b8
27.Kg3 Rb3a3
28.f4 Rb8b3
29.fxe5 fxe5
30.Kg4 Rb3xc3
{ resign }
0-1

[Event "Match"]
[Site "www.echecsemail.com"]
[Date "2015.02.25"]
[Round "1"]
[White "Bluetealeaf"]
[Black "Jasonbarlow7"]
[WhiteElo "1670"]
[BlackElo "1499"]
[Result "0-1"]
[Round "1"]
1.e4 e5
2.Ng1f3 d6
3.Bf1c4 Ng8f6
4.Nb1c3 g6
5.d3 Bf8g7
6.h3 O-O
7.g4 c6
8.g5 Nf6h5
9.h4 Bc8e6
10.Bc1e3 Be6xc4
11.dxc4 f6
12.Qd1d2 f5
13.O-O-O fxe4
14.Nf3h2 Nb8a6
15.Nc3xe4 d5
16.cxd5 cxd5
17.Ne4f6 Nh5xf6
18.gxf6 Qd8xf6
19.Nh2g4 Qf6e6
20.Rh1g1 d4
21.Be3g5 Qe6xa2
22.c3 dxc3
23.Qd2xc3 Ra8c8
24.Bg5d2 Rc8xc3
25.Bd2xc3 Qa2c4
26.Kb1 b5
27.Bc3xe5 Bg7xe5
28.Ng4xe5 Qc4e4
29.Ne5d3 Na6b4
30.Rg1e1 Qe4f5
31.Re1e3 Nb4xd3
32.Rd1xd3 b4
33.f3 a5
34.b3 Rf8d8
35.Kc2 Rd8xd3
36.Re3xd3 Qf5c5
37.Kd2 Qc5f2
38.Kd1 Qf2xh4
39.Ke2 h5
40.Ke3 Qh4g5
41.f4 Qg5f5
42.Rd3d8 Kg7
43.Rd8d1 Qf5h3
44.Ke4 Qh3xb3
45.Rd1d7 Kh6
46.Rd7d8 Qb3f7
47.Rd8h8 Kg7
48.Rh8b8 Qf7f5
49.Kf3 g5
50.Rb8b7 Kf6
51.Rb7b6 Ke7
52.Rb6h6 Qf5xf4
53.Ke2 g4
54.Rh6xh5 Qf4f3
55.Ke1 g3
56.Rh5h1 Qf3f2
57.Kd1 g2
58.Rh1e1 Kd6
{ resign }
0-1

[Event "Match"]
[Site "www.echecsemail.com"]
[Date "2015.02.25"]
[Round "1"]
[White "F14"]
[Black "Hugol"]
[WhiteElo "1599"]
[BlackElo "1960"]
[Result "0-1"]
[Round "1"]
1.d4 Ng8f6
2.c4 e6
3.Nb1c3 Bf8b4
4.a3 Bb4xc3
5.bxc3 O-O
6.e3 d5
7.Ng1f3 Qd8e7
8.Bf1d3 c5
9.cxd5 Nf6xd5
10.Bc1b2 Nb8c6
11.O-O Bc8d7
12.dxc5 Qe7xc5
13.Ra1c1 Ra8c8
14.Bd3b1 Rf8d8
15.Nf3d4 Qc5b6
16.Nd4xc6 Bd7xc6
17.Qd1e2 h6
18.Rc1c2 Bc6a4
19.Rc2d2 Ba4b5
20.Bb1d3 Bb5xd3
21.Qe2xd3 Nd5xc3
22.Bb2xc3 Rd8xd3
23.Rd2xd3 Qb6b3
24.Rf1c1 Qb3xa3
25.Rc1c2 Qa3a4
26.Rc2c1 b5
27.h3 b4
28.Bc3b2 Rc8xc1
29.Bb2xc1 Qa4c2
{ resign }
0-1

[Event "Match"]
[Site "www.echecsemail.com"]
[Date "2015.02.25"]
[Round "1"]
[White "Kantimousse"]
[Black "Hrob71"]
[WhiteElo "1640"]
[BlackElo "1499"]
[Result "0-1"]
[Round "1"]
1.e4 e5
2.Ng1f3 Ng8f6
3.Bf1c4 Nb8c6
4.Nf3g5 d5
5.exd5 Nc6a5
6.Bc4b5 c6
7.dxc6 bxc6
8.Bb5d3 h6
9.Ng5f3 e4
10.Bd3xe4 Nf6xe4
11.Qd1e2 Qd8e7
12.O-O Ne4f6
13.Qe2d3 Bc8e6
14.Qd3a6 Qe7c7
15.d4 Be6c4
16.Rf1e1 Bf8e7
17.Bc1f4 Qc7d8
 { time }
0-1

[Event "Match"]
[Site "www.echecsemail.com"]
[Date "2015.02.25"]
[Round "1"]
[White "Generalfree"]
[Black "Hundegana"]
[WhiteElo "1830"]
[BlackElo "1920"]
[Result "1-0"]
[Round "1"]
1.e4 c5
2.f4 e6
3.a4 a5
4.c4 b6
5.Nb1c3 Bc8a6
6.d3 Nb8c6
7.Ng1f3 f6
8.Bc1e3 Bf8d6
9.g3 Qd8e7
10.h4 O-O-O
11.Qd1b3 Kb7
12.Rh1g1 Ng8h6
13.Bf1h3 Nh6f7
14.f5 exf5
15.Nc3d5 fxe4
16.Qb3xb6 Kc8
17.Nd5xe7 Bd6xe7
18.Qb6xa6 Kb8
19.dxe4 h6
20.Qa6b6 Ka8
21.Be3xc5 Be7xc5
22.Qb6xc5 Rh8e8
23.Qc5d5 Re8e7
24.Nf3d4 Kb7
25.Nd4xc6 dxc6
26.Qd5xa5 Rd8a8
27.Qa5b4 { resign }
1-0

[Event "Match"]
[Site "www.echecsemail.com"]
[Date "2015.02.25"]
[Round "1"]
[White "Generalfree"]
[Black "Kantimousse"]
[WhiteElo "1670"]
[BlackElo "1660"]
[Result "1-0"]
[Round "1"]
1.e4 e5
2.Ng1f3 Nb8c6
3.Bf1c4 Bf8e7
4.d3 Nc6d4
5.Nf3xe5 d5
6.Bc4xd5 Bc8e6
7.Bd5xb7 Ra8b8
8.Bb7c6 Nd4xc6
9.Ne5xc6 Qd8c8
10.Nc6xb8 Qc8xb8
11.b3 c5
12.c4 Qb8e5
13.d4 cxd4
14.Qd1d3 Ng8f6
15.f3 Nf6h5
16.g3 O-O
17.f4 Be7b4
18.Bc1d2 Qe5c5
19.a3 Bb4xd2
20.Nb1xd2 g6
21.b4 Qc5d6
22.e5 Qd6c6
23.O-O-O Rf8d8
24.b5 Qc6c5
25.a4 Qc5b4
26.Qd3b3 Qb4c5
27.Nd2e4 Qc5e7
28.Rh1f1 Nh5g7
29.Ne4f6 Kh8
30.Nf6d5 Be6xd5
31.Rd1xd4 Bd5e6
32.Rd4xd8 Qe7xd8
33.Rf1d1 Qd8a8
34.Qb3d3  { time }
1-0

[Event "Match"]
[Site "www.echecsemail.com"]
[Date "2015.02.25"]
[Round "1"]
[White "Rindrandria"]
[Black "Ranjachess"]
[WhiteElo "1540"]
[BlackElo "1700"]
[Result "1-0"]
[Round "1"]
1.f4 d5
2.d4 Qd8d6
3.Nb1c3 f6
4.Nc3b5 Qd6b4
5.Nb5c3 c5
6.dxc5 Qb4xc5
7.Nc3xd5 Bc8e6
8.e4 f5
9.Bc1e3 Qc5d6
10.Bf1c4 fxe4
11.Nd5c7 Qd6xc7
12.Bc4xe6 Nb8c6
13.Qd1d5 Nc6b4
14.Be6f7 
1-0

[Event "1/128 Finale"]
[Site "www.chess-mail.com"]
[Date "2015.02.25"]
[Round "1"]
[White "Gatrooper"]
[Black "Arto20"]
[WhiteElo "1330"]
[BlackElo "2360"]
[Result "0-1"]
[Round "1"]
1.e4 c5
2.d3 Nb8c6
3.Ng1f3 g6
4.h3 Bf8g7
5.Nf3g5 h6
6.Ng5f3 Ng8f6
7.e5 Nf6d5
8.Nb1c3 Nd5xc3
9.bxc3 Nc6xe5
10.Bc1b2 Ne5xf3
11.Qd1xf3 Qd8a5
12.Bf1e2 Bg7xc3
13.Kf1 Bc3xb2
14.Ra1b1 Qa5xa2
15.Rb1e1 a5
16.d4 Bb2xd4
17.g4 a4
18.Kg2 a3
19.Re1b1 Qa2e6
20.c3 Bd4g7
21.Rb1e1 Qe6c6
22.Kg1 Qc6xf3
23.Be2xf3 Bg7xc3
24.Re1c1 Bc3d4
25.Kg2 e6
26.Rc1c2 a2
27.h4 a1Q
28.Rh1xa1 Ra8xa1
29.Kh2 b5
30.Rc2e2 O-O
31.Bf3g2 b4
32.h5 { time. }
0-1

[Event "1/128 Finale"]
[Site "www.chess-mail.com"]
[Date "2015.02.25"]
[Round "1"]
[White "Powerchess"]
[Black "Hennie4820"]
[WhiteElo "1340"]
[BlackElo "1970"]
[Result "0-1"]
[Round "1"]
1.d4 Ng8f6
2.c4 c5
3.d5 b5
4.Nb1d2 g6
5.e4 d6
6.f4 Bf8g7
7.Ng1f3 O-O
8.cxb5 a6
9.b6 Qd8xb6
10.Bf1c4 a5
11.O-O a4
12.Kh1 a3
13.bxa3 Qb6a5
14.Nd2b3 Qa5a4
15.Qd1e2 Bc8a6
16.Bc4xa6 Ra8xa6
17.Bc1b2 Nb8d7
18.Ra1c1 Rf8b8
19.Rf1e1 Nf6g4
20.Bb2xg7 Kxg7
21.h3 Ng4f6
22.e5 Nf6xd5
23.Qe2d2 Nd7b6
24.exd6 exd6
25.g3 Qa4xa3
26.Rc1c2 Qa3a4
27.Nf3g5 h6
28.Ng5f3 Nd5b4
29.Qd2c3 Kh7
30.Qc3f6 Rb8b7
31.Re1e8 Qa4xe8
{ resign }
0-1

[Event "1/128 Finale"]
[Site "www.chess-mail.com"]
[Date "2015.02.25"]
[Round "1"]
[White "Guidom"]
[Black "Chesspower"]
[WhiteElo "2050"]
[BlackElo "1740"]
[Result "1-0"]
[Round "1"]
1.e4 e5
2.Ng1f3 Ng8f6
3.Nb1c3 Nb8c6
4.Bf1c4 Bf8e7
5.d3 d6
6.O-O O-O
7.Bc1g5 Rf8e8
8.h3 a6
9.a3 b5
10.Bc4a2 h6
11.Bg5h4 Nf6h5
12.Bh4xe7 Qd8xe7
13.Nc3d5 Qe7d8
14.d4 Nc6xd4
15.Nf3xd4 exd4
16.Qd1xh5 Re8e5
17.Qh5f3 Bc8e6
18.Nd5f4 Be6xa2
19.Ra1xa2 Qd8e8
20.Rf1e1 d5
21.Ra2a1 dxe4
22.Qf3b3 { resign }
1-0

[Event "Eq:Team USA-CONFOEDERATIONIS HELVETICAE : "]
[Site "www.chess-mail.com"]
[Date "2015.02.25"]
[Round "1"]
[White "Uji40"]
[Black "Asiamen"]
[WhiteElo "1740"]
[BlackElo "2110"]
[Result "1-0"]
[Round "1"]
1.e4 d5
2.exd5 Qd8xd5
3.Nb1c3 Qd5a5
4.d4 Ng8f6
5.Ng1f3 Bc8g4
6.Bf1e2 c6
7.O-O e6
8.h3 Bg4h5
9.Rf1e1 Bf8e7
10.Be2f1 Bh5g6
11.Bc1d2 Qa5d8
12.a3 O-O
13.Bd2f4 h6
14.Qd1d2 Nb8d7
15.b4 a6
16.Bf1d3 Bg6xd3
17.Qd2xd3 Rf8e8
18.Nc3a4 Be7f8
19.Bf4h2 Ra8c8
20.c4 b5
21.Na4b2 Qd8b6
22.c5 Qb6b7
23.a4 Kh8
24.Nf3e5 Nd7xe5
25.Re1xe5 Nf6d5
26.Qd3d2 Bf8e7
27.Re5e1 Be7f6
28.Re1e4 Kh7
29.Nb2d3 g6
30.a5 Bf6g7
31.Ra1e1 Nd5f6
32.Re4h4 Nf6g8
33.Bh2e5 f6
34.Be5d6 g5
35.Rh4e4 Qb7f7
36.Qd2e3 f5
37.Re4xe6 Bg7xd4
38.Re6xe8 Bd4xe3
39.Re8xc8  { time }
1-0

[Event "Eq:Team USA-CONFOEDERATIONIS HELVETICAE : "]
[Site "www.chess-mail.com"]
[Date "2015.02.25"]
[Round "1"]
[White "Asiamen"]
[Black "Uji40"]
[WhiteElo "2110"]
[BlackElo "1740"]
[Result "0-1"]
[Round "1"]
1.e4 e5
2.Ng1f3 Nb8c6
3.Bf1c4 Ng8f6
4.d3 d5
5.exd5 Nf6xd5
6.Bc4xd5 Qd8xd5
7.Nb1c3 Qd5e6
8.O-O Bf8e7
9.Bc1e3 h6
10.Qd1d2 Bc8d7
11.a3 O-O-O
12.b4 Kb8
13.Nc3e4 a6
14.Ne4c5 Be7xc5
15.Be3xc5 b6
16.Bc5e3 Kb7
17.Qd2c3 f6
18.Rf1b1 Nc6a7
19.a4 Bd7c8
20.a5 b5
21.Qc3c5 Na7c6
22.Nf3d2 Rd8d5
23.Qc5c3 Rh8d8
24.Nd2e4 Nc6d4
25.Ne4c5 Rd5xc5
26.Qc3xc5 Nd4c6
27.Ra1a3 Qe6d5
28.Qc5xd5 Rd8xd5
29.Be3c5 Bc8f5
30.h3 Bf5g6
31.Rb1b3 Bg6f7
32.c4 Rd5d7
33.Rb3c3 Bf7g6
34.cxb5 Nc6d4
35.bxa6 Kxa6
36.Bc5xd4 exd4
37.Rc3c6 Kb7
38.b5 Bg6f7
39.a6 Ka7
 { time }
0-1

[Event "Eq:Cats in the rain-Los Tercios : "]
[Site "www.chess-mail.com"]
[Date "2015.02.25"]
[Round "1"]
[White "Kooru"]
[Black "Shihchuliao"]
[WhiteElo "1630"]
[BlackElo "1990"]
[Result "0-1"]
[Round "1"]
1.e4 e5
2.Ng1f3 d6
3.d4 exd4
4.Nf3xd4 a6
5.c4 Ng8f6
6.Nb1c3 Bc8d7
7.f3 c5
8.Nd4f5 Bd7xf5
9.Bf1d3 Bf5d7
10.Qd1e2 Nb8c6
11.Nc3d5 Nc6d4
12.Nd5xf6 Qd8xf6
13.Qe2e3 Bf8e7
14.O-O O-O
15.f4 b5
16.b3 Nd4xb3
17.Ra1b1 bxc4
18.Bd3xc4 Nb3xc1
19.Qe3xc1 Qf6d4
20.Kh1 Bd7c6
21.Rf1e1 Bc6xe4
22.Rb1b3 Be7h4
23.Rb3e3 Bh4xe1
24.Re3xe1 Rf8e8
25.a3 Be4xg2
26.Kxg2 Re8xe1
27.Qc1xe1 Qd4xc4
28.f5 Qc4d5
29.Kg1 Qd5xf5
30.a4 Qf5g4
31.Kh1 Qg4xa4
32.h3 Ra8e8
33.Qe1f2 Qa4d1
34.Qf2g1 Re8e1
35.Qg1xe1 Qd1xe1
36.Kg2 c4
37.Kf3 c3
38.Kg4 c2
39.h4 c1Q
40.Kh3 Qc1e3
41.Kg4 Qe1g3
42.Kh5 g6
{ resign }
0-1

[Event "Fast Game"]
[Site "www.echecsemail.com"]
[Date "2015.02.25"]
[Round "1"]
[White "Chessmith19"]
[Black "Pgcbies"]
[WhiteElo "2150"]
[BlackElo "2170"]
[Result "1/2-1/2"]
[Round "1"]
1.e4 e5
2.Ng1f3 Nb8c6
3.Bf1b5 a6
4.Bb5a4 b5
5.Ba4b3 Ng8f6
6.O-O Bf8e7
7.d4 d6
8.dxe5 dxe5
9.Qd1xd8 Be7xd8
10.Nb1c3 O-O
11.Bc1e3 Bc8g4
12.Nf3e1 Bg4e6
13.Bb3xe6 fxe6
14.f3 Nc6d4
15.Rf1f2 c5
16.Nc3d1 Bd8e7
17.b3 Nd4c6
18.Ne1d3 Nf6d7
19.Rf2d2 Rf8d8
20.Nd1b2 Ra8c8
21.c3 Kf7
22.Ra1d1 Ke8
23.Kf1 Nc6a5
24.Nd3f2 c4
25.b4 Na5c6
26.Rd2c2 Nd7f8
27.a4 Rd8xd1
28.Nf2xd1 Kd7
29.Ke2 h5
30.Nd1f2 Nf8h7
31.Nb2d1 Kc7
32.Rc2a2 Nh7g5
33.Nf2h1 Ng5f7
34.Nh1g3 g6
35.Ng3f1 Kb7
36.Nf1d2 Be7g5
37.Be3xg5 Nf7xg5
38.h4 Ng5f7
39.Ra2a1 Nc6e7
{ draw }
1/2-1/2

[Event "Fast Game"]
[Site "www.echecsemail.com"]
[Date "2015.02.25"]
[Round "1"]
[White "Anja"]
[Black "Korto"]
[WhiteElo "1909"]
[BlackElo "2010"]
[Result "0-1"]
[Round "1"]
1.d4 Ng8f6
2.Ng1f3 g6
3.Bc1f4 Bf8g7
4.c4 d6
5.Nb1c3 Bc8g4
6.e4 Nb8c6
7.Bf1e2 O-O
8.h3 Bg4xf3
9.Be2xf3 e5
10.dxe5 dxe5
11.Bf4e3 Nc6d4
12.O-O c6
13.c5 Nf6d7
14.b4 a5
15.a3 Nd7f6
16.Be3xd4 exd4
17.Nc3e2 axb4
18.axb4 Ra8xa1
19.Qd1xa1 d3
20.Ne2f4 Nf6h5
{ resign }
0-1

[Event "Tourn. n8078"]
[Site "www.chess-mail.com"]
[Date "2015.02.26"]
[Round "1"]
[White "Guidom"]
[Black "Xkafi"]
[WhiteElo "2060"]
[BlackElo "2000"]
[Result "1-0"]
[Round "1"]
1.e4 e5
2.Ng1f3 Qd8f6
3.d3 Nb8c6
4.Bc1g5 Qf6g6
5.Qd1d2 f6
6.Bg5e3 d5
7.exd5 Nc6b4
8.c4 Bc8f5
9.Nf3h4 Qg6h5
10.Nh4xf5 Qh5xf5
11.a3 Nb4a6
12.Nb1c3 Na6c5
13.Be3xc5 Bf8xc5
14.b4 Bc5d4
15.Ra1c1 Ng8h6
16.f3 O-O
17.Nc3e4 b6
18.Ne4g3 Qf5f4
19.Qd2xf4 exf4
20.Ng3e2 Rf8e8
21.Rc1c2 Re8e3
22.Kd2 Bd4e5
23.Ne2c3 Nh6f5
24.Nc3e4 Nf5d4
25.Rc2a2 h6
26.Ne4f2 h5
27.h4 Ra8e8
28.Nf2e4 Nd4f5
29.Ra2c2 Nf5d4
30.Rc2a2 Nd4f5
31.Ra2c2 Nf5g3
32.Ne4xg3 fxg3
33.a4 Be5f4
34.Kc3 Re3e1
35.c5 bxc5
36.bxc5 Re1a1
37.d4 Ra1xa4
38.Bf1d3 Bf4e3
39.Bd3c4 Be3f2
40.Rh1d1 Re8b8
41.d6 Kf8
42.dxc7 Rb8c8
43.d5 Rc8xc7
44.c6 Ke8
45.Rc2e2 Kd8
46.Kb3 Ra4a5
47.Re2a2 Ra5xa2
48.Kxa2 Bf2c5
49.Rd1b1 Bc5b6
50.Bc4b5 Rc7c8
51.d6 Rc8a8
52.c7 Kc8
53.Bb5c6 Bb6xc7
54.dxc7 Kxc7
55.Bc6xa8 Kd6
56.Rb1b7 g6
57.Rb7g7 { resign }
1-0

[Event "Tourn. n8079"]
[Site "www.chess-mail.com"]
[Date "2015.02.26"]
[Round "1"]
[White "Generalfree"]
[Black "Falcoale"]
[WhiteElo "1780"]
[BlackElo "1860"]
[Result "0-1"]
[Round "1"]
1.e4 c5
2.Bf1c4 e6
3.d4 cxd4
4.Qd1xd4 Nb8c6
5.Qd4c3 Ng8f6
6.Bc1g5 Bf8e7
7.Ng1f3 Be7b4
{ resign }
0-1

[Event "Tourn. n8052"]
[Site "www.chess-mail.com"]
[Date "2015.02.26"]
[Round "1"]
[White "Kesalon"]
[Black "Passaroa25"]
[WhiteElo "999"]
[BlackElo "1480"]
[Result "1-0"]
[Round "1"]
1.e4 c6
2.d4 d6
3.Ng1f3 f6
4.c4 Bc8e6
5.Nb1c3 Be6f7
6.Bf1d3 Nb8d7
7.O-O Ng8h6
8.Bc1xh6 gxh6
9.Rf1e1 Bf8g7
10.Nf3h4 Qd8c7
11.Nh4f5 Bg7f8
12.Qd1d2 O-O-O
13.Nf5xh6 Bf8xh6
14.Qd2xh6 Bf7g6
15.f4 e5
16.dxe5 dxe5
17.f5 Rd8g8
18.fxg6 hxg6
19.Qh6e3 g5
20.Qe3xa7 Kd8
21.Ra1d1 Ke7
22.Qa7e3 Rg8g7
23.Bd3e2 Rg7h7
24.h3 Rh8d8
25.Be2g4 Kf8
26.Re1f1 Rh7h6
27.Qe3d3 Ke7
28.b4 Nd7f8
29.Qd3xd8 Qc7xd8
30.Rd1xd8 Kxd8
31.Rf1d1 Ke7
32.a4 Rh6h4
33.b5 Rh4xg4
34.hxg4 Nf8d7
35.Kf2 Nd7f8
36.a5 Nf8d7
37.a6 bxa6
38.bxa6 Nd7b6
39.a7 Kf7
40.Rd1d8 Ke7
41.Rd8b8 Nb6d7
42.Rb8b7 Kd6
43.a8Q Kc5
44.Rb7xd7 Kxc4
45.Qa8xc6 Kb3
46.Nc3e2 Kb4
47.Rd7b7 { resign }
1-0

[Event "Tourn. n8010"]
[Site "www.chess-mail.com"]
[Date "2015.02.26"]
[Round "1"]
[White "Iko"]
[Black "Theos666"]
[WhiteElo "1420"]
[BlackElo "1400"]
[Result "1-0"]
[Round "1"]
1.e4 c6
2.e5 d6
3.Ng1f3 d5
4.d4 f6
5.Bf1d3 Nb8d7
6.Qd1e2 e6
7.exf6 Ng8xf6
8.Qe2xe6 Qd8e7
9.Qe6xe7 Bf8xe7
10.Bc1g5 h6
11.Bg5xf6 gxf6
12.Bd3g6 Kd8
13.Nb1a3 Be7b4
14.c3 Bb4d6
15.c4 Ra8b8
16.cxd5 Bd6b4
17.Nf3d2 Rh8g8
18.Bg6e4 Rg8f8
19.Ra1c1 b6
20.Rc1xc6 { resign }
1-0

[Event "Tourn. n8024"]
[Site "www.chess-mail.com"]
[Date "2015.02.26"]
[Round "1"]
[White "Jose"]
[Black "Greghghs"]
[WhiteElo "2680"]
[BlackElo "2380"]
[Result "1-0"]
[Round "1"]
1.d4 Ng8f6
2.c4 c5
3.d5 b5
4.Qd1c2 d6
5.e4 bxc4
6.Bf1xc4 g6
7.Ng1f3 Bf8g7
8.O-O O-O
9.h3 Nb8d7
10.Nb1c3 Nd7b6
11.Bc4e2 Nf6e8
12.Bc1f4 Ne8c7
13.Ra1d1 Bc8b7
14.Rf1e1 f5
15.e5 Kh8
16.exd6 exd6
17.Nf3g5 Qd8f6
18.Be2f3 Ra8e8
19.Re1xe8 Rf8xe8
20.Bf4xd6 Nc7xd5
21.Nc3xd5 Qf6xg5
22.Bd6f4 Qg5h4
23.g3 Qh4d8
24.Nd5c7 Bb7xf3
25.Rd1xd8 Re8xd8
26.Kh2 Rd8d1
27.g4 h5
28.Kg3 hxg4
29.hxg4 fxg4
30.Qc2xg6 Nb6d7
31.Nc7e8 Rd1g1
32.Kh4 Rg1h1
33.Kg5 Rh1h7
34.Qg6a6 Nd7b6
35.Qa6d3 Nb6d5
36.Ne8xg7 Rh7xg7
37.Kh6 { resign }
1-0